The Gurkhas: (Record no. 15378)

MARC details
000 -LEADER
fixed length control field 00933nam a22002297a 4500
008 - FIXED-LENGTH DATA ELEMENTS--GENERAL INFORMATION
fixed length control field 080908t xxu||||| |||| 00| 0 eng d
010 ## - LCCN (DPL NO)
LC control number ENG-90967
020 ## - INTERNATIONAL STANDARD BOOK NUMBER
International Standard Book Number 8183241948
Terms of availability 350.00
035 ## - SYSTEM CONTROL NUMBER
System control number EN-74500
037 ## - SOURCE OF ACQUISITION
Source of stock number/acquisition DBAD /PUB
040 ## - CATALOGING SOURCE
Original cataloging agency DPL
Language of cataloging English
082 ## - DEWEY DECIMAL CLASSIFICATION NUMBER
Classification number 305.891495
100 ## - MAIN ENTRY--PERSONAL NAME
Personal name Rana, Sanjay
245 ## - TITLE STATEMENT
Title The Gurkhas:
Remainder of title settlement and society with reference to Shillong (1867-1969) /
Statement of responsibility, etc by Sanjay Rana
260 ## - PUBLICATION, DISTRIBUTION, ETC. (IMPRINT)
Place of publication, distribution, etc New Delhi
Name of publisher, distributor, etc Mittal Publications
Date of publication, distribution, etc 2008
300 ## - PHYSICAL DESCRIPTION
Extent x, 131p.:
Other physical details ill.
Dimensions 23 cm (Hb)
500 ## - GENERAL NOTE
General note Includes bibliographical references and index
650 ## - SUBJECT ADDED ENTRY--TOPICAL TERM
Topical term or geographic name as entry element Gurkhas
General subdivision Social conditions
Geographic subdivision India (Shillong)
651 ## - SUBJECT ADDED ENTRY--GEOGRAPHIC NAME
Geographic name Shillong (India)
General subdivision Social conditions
942 ## - ADDED ENTRY ELEMENTS (KOHA)
Source of classification or shelving scheme Dewey Decimal Classification
Item type English Books
Call number suffix RAN
Classification part 305.891495
Holdings
Withdrawn status Lost status Source of classification or shelving scheme Damaged status Not for loan Collection code Home library Current library Date acquired Source of acquisition Cost, normal purchase price Total Checkouts Full call number Barcode Date last seen Copy number Cost, replacement price Koha item type
    Dewey Decimal Classification   Not For Loan Non-fiction D.B.Act.Division D.B.Act.Division 08/09/2008 DBAD / PUB 350.00   305.891495 RAN EN-74500 15/09/2008 1 350.00 English Books

© Delhi Public Library
Hit Counter
free hit counter